00779nam a2200205Ia 4500003000900000008004100009040001600050080001500066100002300081245019700104250001200301260004000313300001400353650003300367650003300400700002700433942000700460999001500467952009100482IN-BaIIA211028s9999 xx 000 0 eng d cIIA Library a954bWIL-1 aWilks, Mark911192 0aHistorical sketches of the south Indian historybvol. 1, from the earliest times to the last Muhammadan dynastycMark Wilks and Murray Hammick  a2nd ed. aNew DelhibCosmo Publicationsc1980 alx, 453p. aHistory - South India911193 aSouth India - history911194 aHammick, Murray911195 cBK c6540d6540 00104070aBANbBANcGENd1980-08-07l0o954/ WIL-1p7275r2021-11-05w1980-08-07yBK